Praktiky výchovy a pozitívne sociálne správanie sa detí v predškolských zariadeniach

Bibliographic Details
Main Author: Vonkomerová, Katarína (Author)
Format: Article
Language:Slovak
PhysicalDescription:Lit. 10 zázn. v slov., češ., angl., ruš.
Subjects:

MARC

LEADER 00000nab a2200000 a 4500
001 vtls000411227
003 SK-MaSNL
005 20260302235310.0
008 160204c1987 xo 0 slo
015 |a SNBRA19rr/mm-uuuuu 
035 |a CL0411351 
040 |a SNKBUCL  |b slo  |c SNKBUCL  |e AACR2 
041 0 |a slo 
044 |a xo  |c SK 
080 |a 159.95-053.4  |2 1981 
100 1 |a Vonkomerová, Katarína  |4 aut  |9 970903 
245 1 0 |a Praktiky výchovy a pozitívne sociálne správanie sa detí v predškolských zariadeniach  |c Katarína Vonkomerová 
300 |b Lit. 10 zázn. v slov., češ., angl., ruš. 
650 0 7 |a deti predškolského veku  |2 snkbucl  |9 4103 
650 0 7 |a správanie sa sociálne  |2 snkbucl  |9 971781 
655 7 |a články zo zborníkov  |2 snkbucl  |9 166140 
773 0 |t Teoretické konštanty a praktické uplatnenia sociálnej psychológie v spoločenskej praxi  |d Košice : Spoločenskovedný ústav SAV, 1987 
850 |a Slovenská národná knižnica v Martine  |a MTA001 
852 |a SNK  |b KIS3GCP 
958 |a NB 
958 |a RK 
992 |a RZB 
999 |c 1554068  |d 1555998